000 00561nam a2200193 i 4500
001 19753
003 ES-MaACL
005 20230906152147.0
007 t|
008 021011s1971 sp ||||1| spa d
100 1 _aAbse, Dannie,
_918180
245 1 0 _aProceso a la medicina /
_cDannie Abse ; [versión... S.M. Caamaño].
250 _a[1ª ed.].
260 _aBarcelona :
_bCaralt,
_c[1971]
300 _a344p., 7 lám. neg. y col. :
_bil. ;
_c25 cm.
700 1 _aCaamaño, S. M.
_933044
852 _aES-MaACL
_jC-43999
_bR.83390
999 _c19753
_d19753